[Event "Serbia op-A"]
[Site "Belgrade"]
[Date "2025.07.22"]
[Round "8"]
[White "Batbaatar, Baatar"]
[Black "Zakin, Ilay"]
[Result "1/2-1/2"]
[WhiteElo "2163"]
[BlackElo "2300"]
[PlyCount "61"]
[EventDate "2025.07.14"]
[EventType "swiss"]
[EventRounds "9"]
[EventCountry "SRB"]
[SourceTitle "CB30_2025"]
[SourceDate "2025.07.23"]
[SourceVersion "1"]
[SourceVersionDate "2025.07.23"]
[SourceQuality "1"]

1. e4 c5 2. Nf3 d6 3. d4 cxd4 4. Nxd4 Nf6 5. Nc3 a6 6. Be3 e5 7. Nf3 Be7 8. Bc4 0-0 9. 0-0 Nc6 10. Bb3 Na5 11. Bg5 Nxb3 12. axb3 Be6 13. Bxf6 Bxf6 14. Nd5 Bg5 15. Nxg5 Qxg5 16. Nc7 Rad8 17. Nxe6 fxe6 18. Ra5 Qe7 19. c4 Qc7 20. Qd2 Qb6 21. b4 Qc6 22. Qd3 Qb6 23. Qd2 Rf4 24. Re1 Rdf8 25. Re2 Qc6 26. Qd3 Qb6 27. Qd2 Qc6 28. Qd3 Qb6 29. Qd2 Qc6 30. Qd3 Qb6 31. Qd2 1/2-1/2

[Event "Sardinia World op-A"]
[Site "Orosei"]
[Date "2025.05.02"]
[Round "8"]
[White "Zakin, Ilay"]
[Black "Dalaud, Dorian"]
[Result "1-0"]
[WhiteElo "2254"]
[BlackElo "2303"]
[PlyCount "97"]
[EventDate "2025.04.27"]
[EventType "swiss"]
[EventRounds "9"]
[EventCountry "ITA"]
[SourceTitle "CB19_2025"]
[SourceDate "2025.05.07"]
[SourceVersion "1"]
[SourceVersionDate "2025.05.07"]
[SourceQuality "1"]

1. e4 c5 2. Nf3 Nc6 3. Bb5 e6 4. 0-0 Nge7 5. d4 cxd4 6. Nxd4 Ng6 7. Nc3 Be7 8. Be3 0-0 9. Be2 Qc7 10. Nb3 a6 11. f4 b5 12. Bd3 b4 13. Na4 Bf6 14. Qh5 e5 15. g3 Rb8 16. f5 Nge7 17. g4 g6 18. Qh3 d6 19. Bh6 Bd7 20. g5 Bh8 21. Qh4 Qa7+ 22. Kh1 Nd4 23. f6 Bxa4 24. fxe7 Qxe7 25. Bxf8 Rxf8 26. Nxd4 exd4 27. a3 b3 28. cxb3 Bxb3 29. Rac1 d5 30. e5 Qxe5 31. Rf3 Ba4 32. Re1 Qg7 33. Bxa6 Bd7 34. Bd3 Rb8 35. b4 Qf8 36. Qg3 Ra8 37. Qc7 Bg4 38. Rf4 Rxa3 39. Bb5 Bh3 40. Be8 Bf5 41. Bxf7+ Qxf7 42. Qd8+ Qf8 43. Re8 Ra1+ 44. Kg2 Ra2+ 45. Kg1 Ra1+ 46. Rf1 Rxf1+ 47. Kxf1 Bg7 48. Qxd5+ Be6+ 49. Rxf8+ 1-0

[Event "Sardinia World op-A"]
[Site "Orosei"]
[Date "2025.04.30"]
[Round "6"]
[White "Zakin, Ilay"]
[Black "Fataliyeva, Ulviyya Hasil Qizi"]
[Result "1-0"]
[WhiteElo "2254"]
[BlackElo "2387"]
[PlyCount "135"]
[EventDate "2025.04.27"]
[EventType "swiss"]
[EventRounds "9"]
[EventCountry "ITA"]
[SourceTitle "CB19_2025"]
[SourceDate "2025.05.07"]
[SourceVersion "1"]
[SourceVersionDate "2025.05.07"]
[SourceQuality "1"]

1. e4 e5 2. Nf3 Nc6 3. Bc4 Nf6 4. d3 Bc5 5. a4 d6 6. a5 a6 7. c3 0-0 8. b4 Ba7 9. Bg5 h6 10. Bh4 Qe7 11. Nbd2 Be6 12. h3 Bxc4 13. dxc4 Qe6 14. g4 Ne7 15. Bg3 c6 16. Qe2 Ng6 17. Nh4 Nf4 18. Qf3 d5 19. exd5 cxd5 20. c5 Bb8 21. Bxf4 exf4+ 22. Kd1 Ne4 23. Kc2 Nxd2 24. Kxd2 d4 25. Kc2 dxc3 26. Rhe1 Qf6 27. Nf5 Be5 28. Rad1 Rfe8 29. Qxb7 Rab8 30. Qd7 Rbd8 31. Ne7+ Kf8 32. Qxd8 Rxd8 33. Rxd8+ Kxe7 34. Rd6 Qg5 35. h4 Qxh4 36. Rxe5+ Kf8 37. Kxc3 g6 38. c6 Qh3+ 39. Kd4 Qb3 40. Rd8+ Kg7 41. Kc5 Qc3+ 42. Kd6 Qxb4+ 43. Rc5 Qe1 44. Rd5 Qb4+ 45. Kc7 f3 46. R8d7 Qb2 47. Rd2 Qb5 48. R7d5 Qb4 49. Kd8 Qxg4 50. c7 Qh4+ 51. Kc8 Qb4 52. Kd7 Qa4+ 53. Kd6 Qb4+ 54. Kc6 Qa4+ 55. Kb7 Qb4+ 56. Kxa6 Qc4+ 57. Kb6 Qb4+ 58. Ka7 Qc3 59. Kb8 Qb4+ 60. Kc8 Qg4+ 61. Rd7 Qa4 62. R2d5 Qa3 63. R7d6 Qa2 64. Kd8 Qxf2 65. c8Q Qh4+ 66. Kd7 Qg4+ 67. Kc7 Qc4+ 68. Kb8 1-0

[Event "Sardinia World op-A"]
[Site "Orosei"]
[Date "2025.04.27"]
[Round "2"]
[White "Zakin, Ilay"]
[Black "Raja, Harshit"]
[Result "0-1"]
[WhiteElo "2254"]
[BlackElo "2474"]
[PlyCount "82"]
[EventDate "2025.04.27"]
[EventType "swiss"]
[EventRounds "9"]
[EventCountry "ITA"]
[SourceTitle "CB19_2025"]
[SourceDate "2025.05.07"]
[SourceVersion "1"]
[SourceVersionDate "2025.05.07"]
[SourceQuality "1"]

1. e4 c5 2. Nf3 d6 3. Bb5+ Nd7 4. 0-0 a6 5. Bd3 Ngf6 6. c3 e6 7. Re1 b5 8. a4 Bb7 9. Bc2 c4 10. d4 cxd3 11. Qxd3 Nc5 12. Qe2 bxa4 13. e5 dxe5 14. Nxe5 Qd5 15. f4 Nb3 16. Rd1 Qb5 17. c4 Qb6+ 18. Kh1 Bc5 19. Bxb3 axb3 20. Nc3 Bc6 21. Nd5 Nxd5 22. cxd5 Bb5 23. Nc4 Rd8 24. Qe4 f5 25. Qd3 Qb7 26. Na5 Qxd5 27. Qxd5 Rxd5 28. Rxd5 exd5 29. Nxb3 Bf2 30. Bd2 d4 31. Rc1 0-0 32. Rc5 Ba4 33. Na5 Re8 34. Nc4 Re2 35. Ne5 h6 36. Nf3 Be3 37. Re5 Rxd2 38. Nxd2 Bxd2 39. Kg1 Bxf4 40. Rxf5 d3 41. Rxf4 d2 0-1

[Event "Rishon Le Ziyyon IM"]
[Site "Rishon Le Ziyyon"]
[Date "2025.03.06"]
[Round "9"]
[White "Zakin, Ilay"]
[Black "Tulchynskyi, Feliks"]
[Result "1/2-1/2"]
[WhiteElo "2221"]
[BlackElo "2324"]
[PlyCount "139"]
[EventDate "2025.02.06"]
[EventType "tourn"]
[EventRounds "9"]
[EventCountry "ISR"]
[SourceTitle "CB11_2025"]
[SourceDate "2025.03.12"]
[SourceVersion "1"]
[SourceVersionDate "2025.03.12"]
[SourceQuality "1"]

1. e4 c5 2. Nf3 a6 3. Nc3 b5 4. d4 cxd4 5. Nxd4 e6 6. Bd3 Bb7 7. 0-0 Nc6 8. Nxc6 Bxc6 9. Re1 Qb8 10. a4 b4 11. Nd5 Bd6 12. Qh5 Ne7 13. Nxe7 Bxe7 14. e5 h6 15. Bd2 g6 16. Qg4 Kf8 17. h4 h5 18. Qg3 Qd8 19. Qf4 Kg7 20. Bxb4 Bxh4 21. Bd2 a5 22. Be4 Be7 23. Bxc6 dxc6 24. Rad1 Qb6 25. Bc3 Rad8 26. Rd6 h4 27. Qf3 Rhf8 28. Qxc6 Qxc6 29. Rxc6 Rd5 30. Rc7 Bg5 31. Ra7 Rb8 32. Rb1 Bd8 33. Kf1 Bb6 34. Ra6 Bc7 35. Re1 g5 36. Re4 Kg6 37. Ke2 Rb7 38. f3 Kf5 39. Ra8 Bd8 40. Rc8 Rbd7 41. Rcc4 Bc7 42. Rcd4 Bxe5 43. Rxd5 Rxd5 44. Rc4 Bxc3 45. Rxc3 Re5+ 46. Kf2 Rd5 47. Ke2 Re5+ 48. Kf2 Rd5 49. Rc4 Rd2+ 50. Kf1 e5 51. b3 f6 52. Kg1 Ke6 53. Rc5 Rd5 54. Rc6+ Rd6 55. Rc5 Rd5 56. Rc8 Kf5 57. Rc4 Ke6 58. c3 Kd6 59. Rc8 Rc5 60. Rd8+ Ke6 61. Rd3 Rd5 62. Re3 Rd1+ 63. Kh2 Rb1 64. c4 Rd1 65. b4 Rc1 66. bxa5 Rxc4 67. Ra3 Rc5 68. a6 Ra5 69. Kg1 f5 70. Kf2 1/2-1/2

[Event "Rishon Le Ziyyon IM"]
[Site "Rishon Le Ziyyon"]
[Date "2025.02.11"]
[Round "2"]
[White "Zakin, Ilay"]
[Black "Ribstein, Orel"]
[Result "1-0"]
[WhiteElo "2221"]
[BlackElo "2265"]
[PlyCount "95"]
[EventDate "2025.02.06"]
[EventType "tourn"]
[EventRounds "9"]
[EventCountry "ISR"]
[SourceTitle "CB11_2025"]
[SourceDate "2025.03.12"]
[SourceVersion "1"]
[SourceVersionDate "2025.03.12"]
[SourceQuality "1"]

1. e4 c5 2. Nf3 d6 3. Bb5+ Bd7 4. c4 e5 5. Nc3 Nc6 6. 0-0 Nge7 7. d3 Ng6 8. Ne1 Be7 9. Nc2 f5 10. exf5 Bxf5 11. b4 cxb4 12. Nxb4 Bd7 13. Nbd5 0-0 14. Rb1 Nh4 15. Ne4 Nf5 16. Ba4 Rb8 17. Ba3 Qe8 18. Bb3 Ncd4 19. c5 Nxb3 20. Qxb3 Kh8 21. Nxe7 Qxe7 22. cxd6 Qe8 23. Rbc1 Qg6 24. Ng3 Nd4 25. Qd5 Rfe8 26. Qe4 Qxe4 27. dxe4 Bb5 28. Rfd1 Bc6 29. Bc5 Ne6 30. Bxa7 Ra8 31. Bb6 Ra6 32. Rxc6 bxc6 33. d7 Rea8 34. d8Q+ Nxd8 35. Bxd8 Rxa2 36. Kf1 Rc2 37. Bc7 Kg8 38. Bxe5 Raa2 39. Bd4 c5 40. Be3 g6 41. e5 Kf7 42. Ne4 c4 43. Ng5+ Ke8 44. Nxh7 c3 45. Nf6+ Kf7 46. Ne4 Ra4 47. e6+ Ke8 48. Bg5 1-0

[Event "ISR-ch"]
[Site "Eilat"]
[Date "2025.01.26"]
[Round "7"]
[White "Iliaguev, Daniel"]
[Black "Zakin, Ilay"]
[Result "0-1"]
[WhiteElo "2162"]
[BlackElo "2221"]
[PlyCount "78"]
[EventDate "2025.01.20"]
[EventType "swiss"]
[EventRounds "9"]
[EventCountry "ISR"]
[SourceTitle "CB05_2025"]
[SourceDate "2025.01.29"]
[SourceVersion "1"]
[SourceVersionDate "2025.01.29"]
[SourceQuality "1"]

1. Nf3 Nf6 2. g3 g6 3. Bg2 Bg7 4. d4 0-0 5. 0-0 d6 6. a4 a5 7. Nc3 Nbd7 8. b3 Re8 9. Bb2 c6 10. e4 e5 11. d5 cxd5 12. exd5 e4 13. Nd2 e3 14. fxe3 Ne5 15. Nb5 Bg4 16. Qe1 Rc8 17. Bxe5 Rxe5 18. Nc4 Rxc4 19. bxc4 h5 20. Ra3 h4 21. gxh4 Bh6 22. Qf2 Bf5 23. h3 Qd7 24. Nd4 Ne4 25. Qf3 Nd2 26. Qg3 Nxf1 27. Kxf1 Qc7 28. Nxf5 Qxc4+ 29. Kg1 Rxf5 30. Qxd6 Bf8 31. Qd8 Qe2 32. e4 Rf4 33. Rd3 Qxc2 34. Rg3 Kg7 35. d6 Qc5+ 36. Kh1 Bxd6 37. Qg5 Qc1+ 38. Kh2 Qe1 39. h5 Rf6 0-1

[Event "ISR-ch"]
[Site "Eilat"]
[Date "2025.01.20"]
[Round "1"]
[White "Tzidkiya, Yeshaayahu"]
[Black "Zakin, Ilay"]
[Result "1-0"]
[WhiteElo "2479"]
[BlackElo "2221"]
[PlyCount "81"]
[EventDate "2025.01.20"]
[EventType "swiss"]
[EventRounds "9"]
[EventCountry "ISR"]
[SourceTitle "CB05_2025"]
[SourceDate "2025.01.29"]
[SourceVersion "1"]
[SourceVersionDate "2025.01.29"]
[SourceQuality "1"]

1. e4 c5 2. Nf3 Nc6 3. d4 cxd4 4. Nxd4 Nf6 5. Nc3 e5 6. Ndb5 d6 7. Nd5 Nxd5 8. exd5 Nb8 9. a4 a6 10. Na3 Be7 11. Nc4 0-0 12. Be2 f5 13. f4 Nd7 14. a5 b5 15. axb6 Nxb6 16. Na5 Bh4+ 17. g3 Bf6 18. 0-0 Qc7 19. Qd3 e4 20. Qb3 Bd4+ 21. Kg2 Qf7 22. Rd1 Bc5 23. Qc3 e3 24. b4 Nxd5 25. Rxd5 Qxd5+ 26. Bf3 Qd4 27. Bb2 Qxc3 28. Bxc3 Ra7 29. bxc5 dxc5 30. Bd5+ Kh8 31. Be5 c4 32. Nxc4 Rd8 33. Nxe3 a5 34. c4 a4 35. c5 a3 36. c6 Ra5 37. Bc7 Rdxd5 38. Nxd5 Rxd5 39. Rxa3 Be6 40. Ra8+ Bg8 41. Be5 1-0

[Event "Ramat Gan Hanukkah rapid op"]
[Site "Ramat Gan"]
[Date "2024.12.30"]
[Round "3"]
[White "Zakin, Ilay"]
[Black "Duchan, Yoav"]
[Result "1/2-1/2"]
[WhiteElo "2244"]
[BlackElo "2146"]
[PlyCount "142"]
[EventDate "2024.12.30"]
[EventType "swiss (rapid)"]
[EventRounds "5"]
[EventCountry "ISR"]
[SourceTitle "CB02_2025"]
[SourceDate "2025.01.08"]
[SourceVersion "1"]
[SourceVersionDate "2025.01.08"]
[SourceQuality "1"]

1. e4 g6 2. d4 Bg7 3. Nc3 d6 4. Be3 c6 5. f3 Nf6 6. h4 h5 7. Nh3 Bxh3 8. Rxh3 b5 9. Qd2 Nbd7 10. Bd3 b4 11. Ne2 c5 12. c3 a5 13. a3 Rb8 14. axb4 axb4 15. Kf2 0-0 16. Rhh1 Qc7 17. Rhc1 bxc3 18. Rxc3 Qb6 19. Rc2 cxd4 20. Nxd4 Ng4+ 21. fxg4 Bxd4 22. Be2 Bxe3+ 23. Qxe3 hxg4 24. Qxb6 Rxb6 25. Ra7 Nc5 26. Rxe7 Rfb8 27. Bc4 Rxb2 28. Rxb2 Rxb2+ 29. Kg3 Rb4 30. Bd5 Kh8 31. Kxg4 Nxe4 32. Kh3 f5 33. Bf7 Kg7 34. Be8+ Kf6 35. Rf7+ Ke5 36. Rf8 Kf4 37. Bxg6 Rb3+ 38. Kh2 Ng3 39. Ra8 Kg4 40. Ra4+ f4 41. Kg1 Kxh4 42. Kf2 Kg4 43. Ra2 Rc3 44. Bc2 d5 45. Bd1+ Kf5 46. Ra5 Ke5 47. Bf3 Ne4+ 48. Ke2 Rc2+ 49. Kd1 Rb2 50. Ra8 Kd4 51. Ra4+ Kd3 52. Ra3+ Nc3+ 53. Ke1 d4 54. Ra8 Rb1+ 55. Kf2 Nd1+ 56. Bxd1 Rxd1 57. Ra3+ Ke4 58. Ra8 Rd2+ 59. Kf1 Rb2 60. Re8+ Kd3 61. Rf8 Ke3 62. Re8+ Kd2 63. Re4 d3 64. Rxf4 Kc1 65. Rc4+ Rc2 66. Ra4 d2 67. Ra1+ Kb2 68. Rd1 Kc3 69. Ke2 Ra2 70. g4 Ra4 71. Rxd2 Rxg4 1/2-1/2

[Event "Titled Tuesday intern op 17th Sep Early"]
[Site "Chess,com INT"]
[Date "2024.09.17"]
[Round "5"]
[White "Lai, Duc Minh1"]
[Black "Zakin, Ilay"]
[Result "1-0"]
[WhiteElo "2058"]
[BlackElo "2178"]
[PlyCount "61"]
[EventDate "2024.09.17"]
[EventType "swiss (blitz)"]
[EventRounds "11"]
[EventCountry "USA"]
[SourceTitle "EXT 2025"]
[Source "ChessBase"]
[SourceDate "2024.10.14"]
[SourceVersion "1"]
[SourceVersionDate "2024.10.14"]
[SourceQuality "1"]

1. d4 Nf6 2. Nc3 d5 3. Bf4 g6 4. e3 Bg7 5. h4 h5 6. Nf3 Bg4 7. Be2 Bxf3 8. Bxf3 c6 9. Qd2 b5 10. a3 Nbd7 11. 0-0 Nb6 12. Rad1 0-0 13. e4 e6 14. Bg5 Qc7 15. e5 Nfd7 16. b3 Rfe8 17. g4 hxg4 18. Bxg4 a6 19. h5 c5 20. hxg6 fxg6 21. f4 cxd4 22. Ne2 Nc5 23. Nxd4 Ne4 24. Qe3 Qc5 25. Rd3 Bf8 26. Bxe6+ Kg7 27. Bf6+ Nxf6 28. exf6+ Kxf6 29. Qe5+ Ke7 30. b4 Qd6 31. Qg5# 1-0

[Event "Titled Tuesday intern op 17th Sep Early"]
[Site "Chess,com INT"]
[Date "2024.09.17"]
[Round "1"]
[White "Zakin, Ilay"]
[Black "Anuj, Shrivatri"]
[Result "0-1"]
[WhiteElo "2178"]
[BlackElo "2400"]
[PlyCount "78"]
[EventDate "2024.09.17"]
[EventType "swiss (blitz)"]
[EventRounds "11"]
[EventCountry "USA"]
[SourceTitle "EXT 2025"]
[Source "ChessBase"]
[SourceDate "2024.10.14"]
[SourceVersion "1"]
[SourceVersionDate "2024.10.14"]
[SourceQuality "1"]

1. c4 c5 2. Nf3 Nc6 3. g3 g6 4. Bg2 Bg7 5. 0-0 d6 6. Nc3 Rb8 7. d3 Nf6 8. Rb1 0-0 9. a3 a6 10. b4 cxb4 11. axb4 b5 12. cxb5 axb5 13. d4 Bf5 14. Rb3 Ne4 15. Nxe4 Bxe4 16. Bb2 Bd5 17. e3 Bxb3 18. Qxb3 Rc8 19. Ra1 Qb6 20. Ng5 h6 21. Nh3 e6 22. Nf4 Ne7 23. Ra5 Rc4 24. Bf1 Rfc8 25. h4 h5 26. Bxc4 bxc4 27. Qa3 Nf5 28. Bc3 Qb7 29. b5 e5 30. Ne2 Qf3 31. Qb2 exd4 32. Nxd4 Bxd4 33. exd4 Rb8 34. b6 Qc6 35. Rb5 Ne7 36. b7 Nd5 37. Ra5 Rxb7 38. Qd2 Nxc3 39. Qxc3 Rb1+ 0-1

[Event "Titled Tuesday intern op 10th Sep Early"]
[Site "Chess,com INT"]
[Date "2024.09.10"]
[Round "2"]
[White "Zakin, Ilay"]
[Black "Viskelis, Darius"]
[Result "1-0"]
[WhiteElo "2178"]
[BlackElo "2144"]
[PlyCount "53"]
[EventDate "2024.09.10"]
[EventType "swiss (blitz)"]
[EventRounds "11"]
[EventCountry "USA"]
[SourceTitle "EXT 2025"]
[Source "ChessBase"]
[SourceDate "2024.10.14"]
[SourceVersion "1"]
[SourceVersionDate "2024.10.14"]
[SourceQuality "1"]

1. c4 e6 2. g3 d5 3. Bg2 c5 4. Nf3 Nc6 5. 0-0 Nf6 6. d3 Be7 7. Nbd2 0-0 8. b3 d4 9. a3 a5 10. Qc2 e5 11. e4 dxe3 12. fxe3 e4 13. dxe4 Ng4 14. Re1 Nce5 15. Nxe5 Nxe5 16. Bb2 Nd3 17. Red1 Nxb2 18. Qxb2 Qd3 19. Nf1 Bf6 20. e5 Bxe5 21. Qxe5 Qxb3 22. Bd5 Bg4 23. Rdb1 Qc2 24. Qe4 Qe2 25. Qg2 Qd3 26. Qe4 Qe2 27. Re1 1-0

[Event "Titled Tuesday intern op 03rd Sep Early"]
[Site "Chess.com INT"]
[Date "2024.09.03"]
[Round "1"]
[White "Moroni, Luca Jr"]
[Black "Zakin, Ilay"]
[Result "1-0"]
[WhiteElo "2558"]
[BlackElo "2178"]
[PlyCount "94"]
[EventDate "2024.09.03"]
[EventType "swiss (blitz)"]
[EventRounds "11"]
[EventCountry "USA"]
[SourceTitle "EXT 2025"]
[Source "ChessBase"]
[SourceDate "2024.10.14"]
[SourceVersion "1"]
[SourceVersionDate "2024.10.14"]
[SourceQuality "1"]

1. d4 Nf6 2. Bf4 g6 3. Nc3 d5 4. Nb5 Na6 5. e3 Bg7 6. h3 0-0 7. Nf3 c6 8. Nc3 Nb8 9. Bd3 Nbd7 10. 0-0 Re8 11. Re1 Nf8 12. Be5 b5 13. a4 b4 14. Ne2 N8d7 15. Bh2 c5 16. Bb5 Bb7 17. dxc5 Nxc5 18. Bxe8 Nxe8 19. Be5 f6 20. Bh2 e5 21. Nc1 a5 22. Nb3 Ne4 23. Nfd2 N4d6 24. c3 Rc8 25. cxb4 axb4 26. a5 Nc4 27. Nxc4 Rxc4 28. a6 Ba8 29. e4 d4 30. Qd3 Nd6 31. Rec1 Bxe4 32. Qd2 Qb6 33. a7 Rxc1+ 34. Qxc1 Ba8 35. Qc5 Qb7 36. f3 Bf8 37. Nxd4 exd4 38. Bxd6 Bg7 39. Qxd4 f5 40. Qxb4 Bxb2 41. Qxb7 Bxb7 42. a8Q+ Bxa8 43. Rxa8+ Kf7 44. Kf1 Ke6 45. Ba3 Bd4 46. Ke2 f4 47. Kd3 Kf5 1-0

[Event "EU-ch U14"]
[Site "Prague"]
[Date "2024.08.31"]
[Round "9"]
[White "Zakin, Ilay"]
[Black "Ilinca Ilinca, Felix Antonio"]
[Result "0-1"]
[WhiteElo "2235"]
[BlackElo "2386"]
[PlyCount "60"]
[EventDate "2024.08.22"]
[EventType "swiss"]
[EventRounds "9"]
[EventCountry "CZE"]
[SourceTitle "CBM 221 Extra"]
[Source "ChessBase"]
[SourceDate "2024.09.30"]
[SourceVersion "1"]
[SourceVersionDate "2024.09.30"]
[SourceQuality "1"]

1. e4 c5 2. Nf3 d6 3. d4 cxd4 4. Nxd4 Nf6 5. Nc3 Nc6 6. Bg5 e6 7. Qd3 Bd7 8. 0-0-0 a6 9. f4 Be7 10. Be2 h6 11. Bh4 Rc8 12. Nxc6 Bxc6 13. f5 exf5 14. exf5 0-0 15. Rhg1 b5 16. Bf3 b4 17. Bxc6 bxc3 18. Ba4 d5 19. Bxf6 Bxf6 20. Qxd5 Qb6 21. Bb3 a5 22. Qd7 a4 23. Qxa4 Ra8 24. Qc4 Rxa2 25. bxc3 Rfa8 26. Qb4 Qe3+ 27. Kb1 Bxc3 28. Bxf7+ Kh8 29. Qxc3 Qxc3 30. Bxa2 Qa3 0-1

[Event "EU-ch U14"]
[Site "Prague"]
[Date "2024.08.25"]
[Round "4"]
[White "Meszaros, Casey Ryan"]
[Black "Zakin, Ilay"]
[Result "0-1"]
[WhiteElo "2035"]
[BlackElo "2235"]
[PlyCount "118"]
[EventDate "2024.08.22"]
[EventType "swiss"]
[EventRounds "9"]
[EventCountry "CZE"]
[SourceTitle "CBM 221 Extra"]
[Source "ChessBase"]
[SourceDate "2024.09.30"]
[SourceVersion "1"]
[SourceVersionDate "2024.09.30"]
[SourceQuality "1"]

1. e4 c5 2. Nf3 g6 3. c4 Bg7 4. d4 Qa5+ 5. Nc3 Nf6 6. Qd3 0-0 7. Be2 d6 8. 0-0 Nfd7 9. Nd5 Qd8 10. Be3 Nc6 11. Qd2 cxd4 12. Nxd4 Nc5 13. f3 Ne6 14. Nxe6 fxe6 15. Nc3 e5 16. Rfd1 Nd4 17. Rac1 b6 18. Nb5 Ne6 19. Qd5 Bd7 20. b4 a6 21. Na3 a5 22. c5 axb4 23. c6 Rxa3 24. cxd7 Kf7 25. Bb5 Rc3 26. Rxc3 bxc3 27. Rc1 Qc7 28. Qb3 Kf6 29. h4 h6 30. Rxc3 Nc5 31. Bxc5 bxc5 32. a4 e6 33. Qc2 Ke7 34. Qa2 Qa5 35. Qc4 h5 36. Rc1 Bh6 37. Rd1 Be3+ 38. Kf1 Rf4 39. Qd3 Bd4 40. g3 Rf8 41. Kg2 Rb8 42. Qd2 Qxd2+ 43. Rxd2 d5 44. Re2 c4 45. f4 Kd6 46. fxe5+ Bxe5 47. exd5 exd5 48. a5 Bf6 49. Ba4 Ra8 50. Re8 Bd8 51. Rg8 Rxa5 52. Rxg6+ Kc7 53. Bd1 d4 54. Bf3 Rc5 55. Ra6 c3 56. Ra7+ Kd6 57. Ra6+ Kxd7 58. Ra1 c2 59. Rc1 d3 0-1